| 000 | 00524nam a2200193Ia 4500 | ||
|---|---|---|---|
| 008 | 220216s9999 xx 000 0 und d | ||
| 100 | _aRosca C | ||
| 245 | 0 | _aDiffusion of dithiophosphate accelerators in tire compounds | |
| 260 |
_bKautschuk Gummi Kunststoffe _c2004 |
||
| 300 | _a593-598 | ||
| 650 | _aDiffusion of accelerators | ||
| 650 | _aDithiophosphates | ||
| 650 | _aEquilibrium distribution | ||
| 650 | _aTire compounds | ||
| 700 | _aFruh T | ||
| 700 | _aGiese U | ||
| 700 | _aSchuster R H | ||
| 942 | _cJS | ||
| 999 |
_c57201 _d57201 |
||